000 00417cam a2200181ua 4500
020 _c23.00
041 _aeng
_h
082 _a537
_bBRO/EL
100 _aBrown, R C .
245 _aElectricity and magnetism /
_cR C Brown.
_hTextual Documents
250 _a1 /
_b.
260 _aLondon :
_bLongman ,
_c1960.
300 _a1424 ; .
365 _a23.00
504 _a
942 _cBK
999 _c9075
_d9075